Problemas de filosofía política
Uloženo v:
| Hlavní autor: | |
|---|---|
| Médium: | Kniha |
| Jazyk: | španělština |
| Vydáno: |
Madrid
Alianza
1983
|
| Edice: | Alianza universidad textos
|
| Témata: | |
| Tagy: |
Přidat tag
Žádné tagy, Buďte první, kdo vytvoří štítek k tomuto záznamu!
|
MARC
| LEADER | 00000nam a2200000 a 4500 | ||
|---|---|---|---|
| 001 | UCS8400 | ||
| 003 | CL-VaPUC | ||
| 008 | 971031e19830000SP |||||||||||||||||spa|d | ||
| 082 | 0 | 4 | |a 320.01 |b RAP |2 21 |
| 100 | 0 | |a Raphael, D. D |e author |9 393254 | |
| 245 | 1 | 0 | |a Problemas de filosofía política |
| 300 | |a 215 p | ||
| 942 | |c BK | ||
| 945 | |d 19971031 00:00:00 |a aolguin | ||
| 260 | |a Madrid |b Alianza |c 1983 | ||
| 650 | 7 | |a FILOSOFIA POLITICA |2 CL-VaPUC |9 393255 | |
| 650 | 0 | |a Estado |9 255503 | |
| 650 | 0 | |a Teoría del Estado |9 255507 | |
| 650 | 7 | |a SOBERANIA DEL ESTADO |2 CL-VaPUC |9 377456 | |
| 650 | 0 | |a Poderes del estado |9 377457 | |
| 650 | 0 | |a Estado |x Autoridad |9 393256 | |
| 650 | 7 | |a TEORIA POLITICA |2 CL-VaPUC |9 393257 | |
| 650 | 0 | |a Libertad |9 255686 | |
| 650 | 0 | |a Autoridad |9 257105 | |
| 650 | 0 | |a Democracia |9 255256 | |
| 650 | 0 | |a Justicia |9 255408 | |
| 583 | |a last modification |c 19971031 00:00:00 |k Rodrigo Vera | ||
| 490 | 0 | |a Alianza universidad textos | |
| 999 | |c 262829 |d 262827 | ||
| 952 | |0 0 |1 0 |4 0 |6 320_010000000000000_RAP_1983 |7 0 |8 DER_TF |9 291730 |a BIBDER |b BIBDER |d 2019-11-19 |i 1897799 |o 320.01 RAP 1983 |p 1897799 |r 2023-01-25 |w 2019-11-19 |x Ubicación 4to Piso |y BK |z Estos recursos deben solicitarse con anticipación |k DER | ||